Podielové dane vo vybraných krajinách – podstata, princípy fungovania a riziká uplatňovania vo fiškálnej politike diplomová práca

Enregistré dans:
Détails bibliographiques
Auteur principal: Bábin, Boris
Collectivité auteur: Národohospodárska fakulta EU. Katedra financií
Autres auteurs: Neubauerová, Erika, 1968-
Format: Livre
Langue:slovaque
Publié: Bratislava 2015
Tags: Ajouter un tag
Pas de tags, Soyez le premier à ajouter un tag!

MARC

LEADER 00000nbm a2200000 4500
001 0201099
005 20161212095512.3
041 0 |a slo 
044 |a SK 
245 1 0 |a Podielové dane vo vybraných krajinách – podstata, princípy fungovania a riziká uplatňovania vo fiškálnej politike  |b diplomová práca  |c Boris Bábin ; školiteľ: Erika Neubauerová 
264 1 |a Bratislava  |c 2015 
300 |a 66 s. 
100 1 |a Bábin, Boris 
700 1 |a Neubauerová, Erika, 1968- 
710 2 |a Národohospodárska fakulta EU. Katedra financií